Word Ladder: VW Models Quiz Stats

 Plays Quiz Updated Jun 7, 2017

Support Sporcle.
Go Orange.
Score 0/22 Timer 03:00
0 Plays Today
Clue 4-Letter Word % Correct
First place medalGOLD
97.3%
VW Model or a sport with clubs•GOLF•
95.9%
Get an 'F' on a testFAIL
95.4%
What we eatFOOD
94.2%
Meat from a pigPORK
92.8%
To change shape ofMOLD
91.8%
Thin sheet of aluminumFOIL
91.1%
A spherical objectBALL
91%
Falling iceHAIL
90.5%
Large university roomHALL
90.4%
A clownFOOL
89.6%
Clue 4-Letter Word % Correct
State of mindMOOD
88.9%
VW Model or a sport with horses•POLO•
88.1%
Put a car into a spacePARK
88.1%
US President between Taylor and TylerPOLK
86.2%
A songbirdLARK
82.4%
Important part of a cotton plantBOLL
76.1%
Lie hidden for an evil purposeLURK
74.9%
Type of fishing baitLURE
74.5%
A long knife of the PhilippinesBOLO
72.5%
Fiasco, the American rapperLUPE
48.8%
VW Model or Italian for wolf•LUPO•
43.6%

Today's Daily Dose

You're not logged in!

Compare scores with friends on all Sporcle quizzes.
OR
Log In
Forgot?

From the Vault

MLB History Multiple Choice

by Hejman

If you know your baseball history, you'll knock this one out of the park.
Remove Ads.
Support Sporcle.
Get the best of Sporcle when you Go Orange. This ad-free experience offers more features, more stats, and more fun while also helping to support Sporcle. Thank you for becoming a member.

Show Comments

Extras

Top Quizzes Today


Score Distribution

Your Account Isn't Verified!

In order to create a playlist on Sporcle, you need to verify the email address you used during registration. Go to your Sporcle Settings to finish the process.

Report this User

Report this user for behavior that violates our Community Guidelines.

Details: